000 00299nam a22001217a 4500
008 230502b |||||||| |||| 00| 0 eng d
100 _aBare Act
245 _aThe Protection of Human Rights Act 1993
260 _aDelhi
_bUniversal Pub
_c2006
300 _a47
546 _aEnglish
942 _2ddc
_cBK
999 _c19957
_d19957